[Event "EICC 2019"]
[Site "Skopia"]
[Date "2019.03.20"]
[Round "3.50"]
[White "Deac, Bogdan-Daniel"]
[Black "Petriashvili, Nikoloz"]
[Result "1-0"]
[WhiteElo "2609"]
[BlackElo "2465"]
[Annotator "TA"]
[PlyCount "123"]
[EventDate "2019.03.18"]
[EventType "swiss"]
[EventCountry "MKD"]
[SourceTitle "playchess.com"]
[Source "ChessBase"]
[SourceQuality "1"]

{[%evp 9,123,25,26,0,7,15,12,-4,3,9,12,8,10,7,12,0,62,55,62,61,53,50,45,54,58,65,85,79,79,64,83,71,81,74,50,35,55,37,38,39,38,43,102,102,111,106,108,107,102,108,164,149,203,179,199,199,196,196,193,193,200,195,202,191,184,154,160,133,179,177,162,170,158,147,147,150,189,142,208,134,155,150,142,65,925,847,5575,5072,5083,5065,1976,599,592,252,237,200,4562,8,29955,29956,29957,29958,29971,29972,29973,29964,29974,29975,29978,29979,29979,29980,29982,29983,29983,29984]} 1. e4 c5 2. Nf3 d6 3. d4 cxd4 4. Nxd4 Nf6 5. Nc3 a6 6. h4 {B90: Sicilian Najdorf: Unusual White 6th moves, 6 Be3 Ng4 and 6 Be3 e5} (6. Be2 e6 7. f4 Be7 8. g4 d5 9. e5 Nfd7 10. g5 Qb6 11. a3 h6 12. Be3 hxg5 13. f5 Nxe5 14. Nxe6 Qxe3 15. Nxd5 Nf3+ 16. Kf1 Nd2+ 17. Ke1 Nf3+ 18. Kf1 Nd2+ 19. Ke1 Nf3+ {½-½ (19) Mamedyarov,S (2817)-Fedoseev,V (2724) Wijk aan Zee 2019}) 6... e5 7. Nb3 Be7 8. Bg5 {The position is equal.} Be6 9. Bxf6 Bxf6 10. g3 O-O 11. Qd2 Nc6 12. Nd5 $146 ({Predecessor:} 12. O-O-O Qb6 13. Bh3 Rfd8 {1-0 (42) Fedoseev,V (2684)-Sadzikowski,D (2547) Karlsruhe 2017}) 12... Nd4 (12... a5 $11) 13. Nxf6+ $14 Qxf6 14. Nxd4 exd4 15. O-O-O Bg4 16. Be2 Bxe2 17. Qxe2 Rac8 18. f4 Rfe8 19. Rhe1 $1 Qg6 20. Qf3 Rc4 21. Re2 h5 22. Kb1 Qg4 23. Qd3 b5 24. Rde1 Rc7 25. a3 g6 ({Better is} 25... Qg6 $14) 26. f5 $1 $16 Re5 {[%cal Rg6f5]} 27. fxg6 Qxg6 28. Qxd4 Rce7 29. Re3 Qe6 (29... Re8 $16 30. Ka1 Qh6) 30. Rd1 $18 {[%cal Be1d1,Bd1d3,Bd3e3][%mdl 32]} Rd7 (30... Kh7 $16 31. Rf1 (31. Qxd6 f5 $16) 31... Qg6) 31. Rdd3 Kh7 32. Qb6 d5 33. Qxe6 Rxe6 34. exd5 Rxe3 35. Rxe3 Rxd5 {[%mdl 4096] Endgame KR-KR} 36. Rd3 Re5 37. b3 {[%cal Bb2b3,Bb3c4,Bc4c5,Bc5c6][%mdl 32]} Kg6 38. c4 $1 bxc4 39. bxc4 Re4 40. Rc3 Kf6 41. Kc2 Ke6 42. Kb3 $1 f5 43. Rf3 a5 (43... Re5 $16 {was necessary.} 44. Rd3 Ke7) 44. c5 a4+ 45. Kc3 Rg4 46. Rd3 ({White should play} 46. c6 $1 $16) 46... f4 $2 {[%mdl 8192]} (46... Ke7 $14) 47. gxf4 Rxh4 48. c6 {Intending c7 and mate.} Rh1 49. Kb4 Rc1 {[#]} 50. Kb5 (50. f5+ $142 $1 {[%mdl 512]} Ke7 (50... Kxf5 51. Rd5+) 51. Rc3 (51. Kxa4 Rxc6 52. Rh3 Rh6 $11) 51... Rb1+ 52. Kc5) 50... h4 51. Rd8 ({Weaker is} 51. Rh3 Kd6 $18) (51. Kb6 $142 {aiming for c7.} Rb1+ 52. Ka5) 51... Rc3 52. Rh8 ({And not} 52. Kxa4 Rxc6 53. Rh8 Rc4+ 54. Kb3 Rxf4 $11) 52... Rxa3 $2 (52... Kd5 53. Rxh4 Rc5+ 54. Kxa4 Rxc6) 53. Rxh4 $2 (53. c7 $18 Rc3 54. c8=Q+ Rxc8 55. Rxc8) 53... Kd6 $2 {[%mdl 8192]} (53... Rc3 $11) 54. Rh6+ {White mates.} Kc7 55. Rh7+ Kc8 56. f5 Rf3 57. Ra7 a3 {[#]} 58. f6 $1 {[%cal Rf6f7][%mdl 512]} Kb8 {[#]} (58... Rxf6 59. Kb6) 59. c7+ $1 Kc8 {[#]} 60. f7 $1 {[%mdl 512]} Rf5+ (60... Rxf7 61. Ra8+) 61. Kc6 {[%cal Ra7a8]} Rf6+ 62. Kd5 {Accuracy: White = 73%, Black = 50%.} 1-0

[Event "EICC 2019"]
[Site "Skopia"]
[Date "2019.03.21"]
[Round "4.1"]
[White "Cheparinov, Ivan"]
[Black "Chigaev, Maksim"]
[Result "1/2-1/2"]
[WhiteElo "2683"]
[BlackElo "2613"]
[Annotator "TA"]
[PlyCount "49"]
[EventDate "2019.03.18"]
[EventType "swiss"]
[EventCountry "MKD"]
[SourceTitle "playchess.com"]
[Source "ChessBase"]
[SourceQuality "1"]

{[%evp 11,49,18,41,55,42,39,50,42,42,50,40,33,56,0,0,0,0,0,0,0,8,-8,0,0,0,0,0,0,16,0,-7,-41,-44,-35,-21,-29,-22,-43,-25,-19]} 1. d4 Nf6 2. c4 g6 3. Nc3 Bg7 4. e4 d6 5. h3 O-O 6. Be3 Na6 7. g4 {E71: King's Indian: 4 e4 d6 5 h3} c6 8. Bg2 (8. Nge2 Nc7 9. Ng3 b5 10. cxb5 cxb5 11. Bg2 e5 12. dxe5 dxe5 13. Qxd8 Rxd8 14. O-O b4 {½-½ (39) Parligras,M (2623)-Grischuk,A (2769) Douglas 2018}) 8... e5 9. Nge2 {White is slightly better.} Nc7 10. f4 $146 ({Predecessor:} 10. d5 c5 11. Qd2 b5 12. Nxb5 Nxb5 13. cxb5 a6 14. bxa6 Bxa6 {0-1 (49) Mishkovski,L (2025)-Stoianov,R (2145) Sofia 2004}) 10... exf4 11. Nxf4 Nd7 12. Qd2 b5 13. cxb5 Nxb5 14. Nxb5 cxb5 15. O-O Bb7 16. Rae1 a5 17. Nd5 Bxd5 18. exd5 Nb6 19. b3 b4 20. Rc1 Nc8 21. Kh1 Na7 22. Qd3 Rb8 23. Bf4 Nb5 24. Rc6 Qe7 25. Bg3 {Accuracy: White = 70%, Black = 77%.} 1/2-1/2

[Event "EICC 2019"]
[Site "Skopia"]
[Date "2019.03.21"]
[Round "4.2"]
[White "Bartel, Mateusz"]
[Black "Alekseenko, Kirill"]
[Result "1/2-1/2"]
[WhiteElo "2600"]
[BlackElo "2644"]
[Annotator "TA"]
[PlyCount "65"]
[EventDate "2019.03.18"]
[EventType "swiss"]
[EventCountry "MKD"]
[SourceTitle "playchess.com"]
[Source "ChessBase"]
[SourceQuality "1"]

{[%evp 9,65,13,35,20,17,17,16,17,19,22,20,13,18,16,61,16,21,23,32,28,24,29,44,45,44,48,60,53,49,40,114,114,90,89,111,115,111,104,127,75,77,81,73,48,39,31,47,26,16,22,21,24,29,16,16,17,10,19]} 1. c4 c5 2. Nf3 Nf6 3. Nc3 d5 4. cxd5 Nxd5 5. e3 Nxc3 6. dxc3 {A34: Symmetrical English: 2 Nc3, lines with ...d5} Qc7 7. e4 Nc6 8. Be3 e6 9. Nd2 Be7 10. Qg4 {And now Bf4 would win.} O-O 11. Qg3 Qb8 $146 ({Predecessor:} 11... Bd6 12. f4 Rd8 13. Be2 b6 14. O-O Bb7 15. Rad1 Bf8 16. Kh1 Rd7 17. Nf3 {½-½ (17) Gelfand,B (2673)-Svidler,P (2737) St Petersburg 2018}) 12. Bf4 e5 13. Bh6 {[%csl Gh6][%cal Rg3g7]} Bf6 14. h4 $40 {[%mdl 128] White is up to no good.} b5 15. Be2 a6 16. Bg5 {Bxf6 is the strong threat.} Qd6 17. O-O-O {Threatens to win with Nc4.} Qe7 18. Nf1 Be6 19. Ne3 Rfd8 ({Don't go for} 19... Bxa2 $2 20. Nf5 $18) (19... Rad8 $14) 20. Nd5 $16 Bxd5 21. exd5 Na5 22. Rhe1 Nb7 {[#]} 23. Bd3 $1 Nd6 {[#]} 24. Bxf6 ({Better is} 24. f4 $1 {[%cal Rf4e5]} Bxg5 25. hxg5) 24... Qxf6 25. Rxe5 a5 {[%cal Ba6a5,Ba5a4,Ba4a3][%mdl 32]} 26. f4 a4 27. Qg5 a3 $1 28. b3 c4 29. Bc2 cxb3 30. Bxb3 Rac8 31. Rd3 Rc7 32. Ree3 h6 33. Qxf6 {Accuracy: White = 80%, Black = 78%.} 1/2-1/2

[Event "EICC 2019"]
[Site "Skopia"]
[Date "2019.03.21"]
[Round "4.3"]
[White "Piorun, Kacper"]
[Black "Azarov, Sergei"]
[Result "1/2-1/2"]
[WhiteElo "2631"]
[BlackElo "2585"]
[Annotator "TA"]
[PlyCount "81"]
[EventDate "2019.03.18"]
[EventType "swiss"]
[EventCountry "MKD"]
[SourceTitle "playchess.com"]
[Source "ChessBase"]
[SourceQuality "1"]

{[%evp 14,81,25,22,31,22,33,33,31,34,39,21,25,14,25,21,33,18,35,35,35,37,50,39,33,42,43,39,44,4,6,0,0,0,0,0,0,0,0,0,0,0,0,0,0,0,0,-40,0,0,0,-7,0,0,0,0,0,-35,0,0,0,0,0,0,0,0,0,0,0,0]} 1. e4 e5 2. Nf3 Nc6 3. Bb5 a6 4. Ba4 Nf6 5. O-O Be7 6. Bxc6 dxc6 7. d3 Qd6 8. Nbd2 Be6 {C85: Closed Ruy Lopez: Deferred Exchange Variation} 9. Ng5 Bg4 10. f3 {[#] Nc4 is the strong threat.} Bh5 $146 {White is slightly better.} ({Predecessor:} 10... Bc8 11. Nc4 Qd8 12. f4 exf4 13. Bxf4 Ng4 14. Qd2 Bc5+ 15. Kh1 f6 16. Nf3 {½-½ (31) Hess,R (2635)-Sokolov,I (2653) Reykjavik 2012}) 11. Nc4 Qd8 12. Be3 Nd7 13. Nh3 O-O 14. d4 exd4 15. Bxd4 a5 16. Nf4 Bg6 $1 17. a4 Re8 18. Qd3 Bf8 19. Rfd1 Qe7 20. Qc3 b6 21. Ne3 Nc5 22. Nd3 Nxd3 23. Rxd3 Qe6 {[#] Threatens to win with ...c5.} 24. Qd2 f5 25. exf5 Bxf5 26. Nxf5 Qxf5 27. Bf2 Bb4 28. c3 Bd6 29. Rd1 Re6 30. Re3 Rae8 31. Rxe6 Rxe6 32. Re1 h6 33. Rxe6 Qxe6 34. g3 Qb3 35. Kg2 Qxa4 36. Bxb6 $1 {The position is equal.} cxb6 37. Qxd6 $15 {KQ-KQ} Qc2+ 38. Kh3 Qf5+ 39. Kg2 Qc2+ 40. Kh3 Qf5+ 41. Kg2 {Accuracy: White = 67%, Black = 70%.} 1/2-1/2

[Event "EICC 2019"]
[Site "Skopia"]
[Date "2019.03.21"]
[Round "4.4"]
[White "Artemiev, Vladislav"]
[Black "Van Foreest, Lucas"]
[Result "1-0"]
[WhiteElo "2736"]
[BlackElo "2515"]
[Annotator "TA"]
[PlyCount "137"]
[EventDate "2019.03.18"]
[EventType "swiss"]
[EventCountry "MKD"]
[SourceTitle "playchess.com"]
[Source "ChessBase"]
[SourceQuality "1"]

{[%evp 17,137,11,9,0,0,-6,0,-13,-8,-4,-8,-17,0,-16,-30,-29,-20,-16,-27,-24,0,-27,0,0,0,-15,-12,-29,-24,-44,-47,-53,12,33,39,47,70,66,106,68,79,83,81,70,68,69,72,63,55,0,55,40,40,40,40,40,40,17,25,18,59,0,19,33,127,148,127,132,127,141,158,181,136,97,110,102,189,177,185,59,104,82,130,130,130,130,130,130,130,130,130,130,130,130,134,134,421,409,672,670,905,876,29960,29961,29962,29961,29959,29958,29953,29948,29948,29948,11255,29950,12268,12798,11255,11255,6982,6118,29973,29971]} 1. d4 Nf6 2. Nf3 d5 3. e3 e6 4. Bd3 b6 5. O-O Bb7 6. Nbd2 Nbd7 7. b3 Ne4 8. c4 Bd6 9. Bb2 O-O 10. cxd5 {E14: Queen's Indian: Classical Variation (4 e3)} exd5 11. Ne5 Qe7 {[%cal Rd7e5]} 12. Ndf3 $146 {The position is equal.} ({Predecessor:} 12. f4 Nxd2 13. Qxd2 Nf6 14. Qe2 Ne4 15. Bxe4 dxe4 16. f5 Qg5 17. Rf4 f6 {1-0 (26) Malakhov,V (2691)-Predojevic,B (2614) Mali Losinj 2017}) 12... Nb8 {[%cal Bd7b8,Bb8a6,Ba6b4][%mdl 32]} 13. Be2 f6 14. Nd3 a5 {[%cal Ba7a5,Ba5a4,Ba4a3][%mdl 32]} 15. Re1 a4 16. Rc1 a3 17. Ba1 Na6 18. Bf1 b5 19. Bc3 Nxc3 20. Rxc3 Nb4 21. Qb1 Bc8 22. Nc5 Bg4 23. Nd2 c6 24. Be2 Bxe2 (24... Bc8 $15) 25. Rxe2 $11 Qf7 26. Nf3 Bxc5 27. Rxc5 Rfe8 28. Qd1 Re6 29. Qd2 Na6 30. Rc1 Qe7 31. Ne1 Nb4 32. Rc5 Na6 33. Rc1 Nb4 34. Nd3 Nxd3 35. Qxd3 g6 36. Rec2 $36 {[%mdl 2048] White has the initiative.} Ra6 37. g3 f5 38. Rc5 h5 39. b4 h4 40. R1c3 Ra4 (40... Kg7 $14) 41. Rxc6 $16 Rxc6 42. Rxc6 {[%mdl 4096] Endgame KQR-KQR} Kg7 43. Qc2 {aiming for Rc7.} (43. Qxb5 $6 Rxb4 44. Qxd5 h3 $14) 43... Qxb4 {Black wants to play ...Qe1+.} 44. Kg2 (44. gxh4 Qe1+ 45. Kg2 Rc4 $11) 44... Ra7 45. gxh4 {Hoping for h5!} Qe7 46. Qc5 {And now Qb6 would win.} Qe4+ (46... f4 $16) 47. f3 $18 Qe7 48. Qxe7+ (48. Qxd5 Qxe3 49. Re6 Qd2+ 50. Kg3 Kh7 $14) ({Only move:} 48. Qb6 $1 $18 Kh7 49. Rxg6 Qxe3 50. h5 (50. Qxa7+ Kxg6 51. Qa6+ Kh5 $11)) 48... Rxe7 {KR-KR} 49. Kf2 b4 50. Rb6 Rc7 51. Rxb4 Rc2+ {[#]} 52. Kg3 $1 Rxa2 53. Ra4 Ra1 54. Kf4 a2 55. Ra6 Kf7 56. Ke5 Re1 $2 {[%mdl 8192]} (56... Rf1 $16 {was necessary.} 57. Ra7+ (57. Rxa2 Rxf3 58. Ra7+ Ke8 $16) 57... Kf8 58. Rxa2 Rxf3) 57. Ra7+ Ke8 (57... Kg8 $142) 58. Rxa2 Rxe3+ 59. Kf6 Rxf3 60. Kxg6 Rf4 61. h5 Rg4+ {[#]} 62. Kf6 $1 Rh4 63. Ra8+ Kd7 64. Kg5 Rxh2 65. h6 Kc6 66. Kg6 Rg2+ 67. Kxf5 Rf2+ 68. Kg4 Rh2 69. Ra3 {Accuracy: White = 65%, Black = 52%.} 1-0

[Event "EICC 2019"]
[Site "Skopia"]
[Date "2019.03.21"]
[Round "4.5"]
[White "Rodshtein, Maxim"]
[Black "Moussard, Jules"]
[Result "1-0"]
[WhiteElo "2673"]
[BlackElo "2601"]
[Annotator "TA"]
[PlyCount "145"]
[EventDate "2019.03.18"]
[EventType "swiss"]
[EventCountry "MKD"]
[SourceTitle "playchess.com"]
[Source "ChessBase"]
[SourceQuality "1"]

{[%evp 23,145,27,39,29,32,42,38,25,43,21,47,33,44,39,68,70,63,60,58,69,69,64,86,80,86,83,76,78,78,66,82,80,90,83,89,87,88,66,66,67,117,80,87,64,64,64,76,69,127,135,138,71,84,72,78,76,74,82,104,104,220,202,202,224,197,208,130,0,0,0,11,11,119,113,111,93,316,302,236,112,112,112,112,110,289,199,1342,1056,2498,2435,1913,1732,1622,1558,1379,1011,1629,1416,6509,6528,6424,6071,5522,4175,29976,29977,29977,29978,29977,29977,29977,29978,29980,29981,29981,29982,29987,29984,29984,29985,29985,29986,29989,29990]} 1. d4 d6 2. e4 Nf6 3. Nc3 e5 4. Nf3 Nbd7 5. Bc4 Be7 6. a4 O-O 7. O-O c6 8. Re1 h6 9. h3 Re8 10. Be3 Qc7 11. Ba2 {C41: Philidor Defence} Nf8 12. Qd3 (12. Qd2 Be6 13. d5 Bd7 14. Rad1 c5 15. Nxe5 dxe5 16. d6 Bxd6 17. Qxd6 Qxd6 18. Rxd6 Be6 19. Bxc5 Bxa2 20. Nxa2 {0-1 (72) Sanal,V (2551)-Fedoseev,V (2718) Riadh 2017}) 12... Ng6 {LiveBook: 4 Games} 13. a5 $146 {White is slightly better.} ({Predecessor:} 13. Rad1 Bf8 14. Qc4 Qe7 15. a5 Be6 16. Qa4 b5 17. Qa3 exd4 18. Bxd4 {0-1 (43) Nezad,H (2413)-Goutali,T (2327) Doha 2011}) 13... Nh5 14. Ne2 Bf8 15. d5 c5 16. Qd2 Qd8 17. Bc4 Bd7 18. Kh2 Nh4 19. Nxh4 Qxh4 20. Nc3 Reb8 21. Bb5 Qd8 22. Qe2 {Strongly threatening Bxd7.} Nf4 23. Qf3 Ng6 24. Bxd7 Qxd7 25. Qg4 Qe8 26. h4 Kh7 27. g3 Be7 28. Reb1 b5 29. axb6 axb6 30. Rxa8 Rxa8 31. b4 Rb8 32. Qe2 Qc8 33. bxc5 bxc5 34. Ra1 Kg8 35. Ra7 {Hoping for h5.} Qd8 ({Black should try} 35... Ra8 $1 $14 36. Nb5 Rxa7 37. Nxa7 Qb7) 36. Qg4 $16 Kh7 37. Qd7 (37. Bd2 $142) 37... Qxd7 38. Rxd7 {h5 is the strong threat.} h5 39. Bg5 f6 40. Bc1 Kg8 41. g4 Kf7 (41... Kf8 $16 {was called for.}) 42. gxh5 $18 Ke8 43. Ra7 Nxh4 44. Kg3 f5 45. Rxe7+ ({Only move:} 45. exf5 $1 $16 {Threatens to win with Rxe7+!} Nxf5+ 46. Kg4) 45... Kxe7 $11 46. Kxh4 f4 47. Kg5 Kf7 (47... Ra8 $1 $11) 48. f3 $16 Rb7 49. Kf5 Rb8 $2 (49... Rb6 $16 {was worth a try.}) 50. Ba3 $1 $18 Rh8 51. Kg4 (51. Kg5 $1 $18) 51... g6 $16 52. hxg6+ Kxg6 53. Nb5 Rd8 $2 (53... Ra8 $16) 54. c4 $18 {[%cal Bc2c4,Bc4c5][%mdl 32]} Kf6 $2 {[#]} (54... Ra8) 55. Nxd6 $1 {[%mdl 512]} Rxd6 56. Bxc5 {[%mdl 4096] Endgame KR-KB} Rd8 57. Bf2 $1 {[%cal Rf2h4] Intending Bh4+ and mate.} Rg8+ {[#]} 58. Kh3 $1 Ke7 {[#]} 59. c5 $1 Rg6 60. Be1 Rg1 61. Bh4+ Kd7 62. Bf6 Rg3+ 63. Kh4 Rxf3 64. Bxe5 {White mates.} Rd3 65. c6+ Kc8 66. d6 f3 67. Kg3 Kd8 68. Bf6+ Kc8 69. e5 {[%cal Be4e5,Be5e6][%mdl 32]} Kb8 70. d7 Kc7 71. d8=Q+ Rxd8 72. Bxd8+ Kxd8 73. e6 {Precision: White = 72%, Black = 33%.} 1-0

[Event "EICC 2019"]
[Site "Skopia"]
[Date "2019.03.21"]
[Round "4.6"]
[White "Gordievsky, Dmitry"]
[Black "Berkes, Ferenc"]
[Result "0-1"]
[WhiteElo "2603"]
[BlackElo "2666"]
[Annotator "TA"]
[PlyCount "120"]
[EventDate "2019.03.18"]
[EventType "swiss"]
[EventCountry "MKD"]
[SourceTitle "playchess.com"]
[Source "ChessBase"]
[SourceQuality "1"]

{[%evp 18,120,58,63,78,38,43,39,33,31,37,34,35,0,0,0,0,0,0,0,0,0,0,-1,-3,-2,0,-41,-34,-39,-47,-35,-32,-39,-26,-77,-45,-32,-39,-121,-109,-189,-202,-158,-189,-178,-164,-186,-204,-185,-185,-207,-207,-207,-207,-265,-256,-191,-151,-127,-41,-431,-368,-418,-410,-393,-388,-523,-457,-516,-509,-490,-472,-1279,-1380,-654,-654,-6555,-598,-509,-502,-487,-381,-343,-251,-226,0,-6627,-5039,-5327,-402,-4662,-4634,-4610,-1829,-29986,-29987,-29987,-29988,-29988,0,-29989,-29990,-29990,-29991]} 1. Nf3 Nf6 2. c4 g6 3. Nc3 Bg7 4. e4 d6 5. d4 O-O 6. Be2 e5 7. O-O Nbd7 8. Be3 Qe7 9. Qc2 c6 10. d5 Ne8 {E94: King's Indian: Classical: 6 Be2 e5 7 0-0: Various Black 7th moves} 11. dxc6 $146 ({Predecessor:} 11. Bg5 f6 12. Bh4 c5 13. Nd2 h5 14. Bg3 Bh6 15. Bd3 Qh7 16. h3 Bf4 17. Nf3 Qh6 18. Nh4 {0-1 (50) Van Foreest,L (2489)-Markus,R (2673) Zalakaros 2017}) 11... bxc6 12. b4 Nc7 {White is slightly better.} 13. Rad1 Ne6 14. Qd2 c5 $1 15. a3 Nd4 16. Nd5 Qd8 $1 17. Nxd4 (17. bxc5 {looks sharper.} dxc5 18. Rfe1 Ba6 19. Qc1 Nb6 20. h4) 17... cxd4 18. Bg5 f6 19. Bh4 g5 20. Bg3 Nb6 21. Bd3 f5 {Strongly threatening ...f4.} 22. exf5 Bxf5 23. Bxf5 Rxf5 24. Qd3 Rf7 $36 {[%mdl 2048] Black fights for an advantage.} 25. f3 Rc8 26. Rc1 (26. Nxb6 $11 axb6 27. a4) 26... Qd7 27. h3 Qe6 28. Rfe1 (28. Nxb6 $15 axb6 29. Rfd1) 28... Qg6 $1 $17 {[%cal Rg6d3]} ({Of course not} 28... Nxd5 $6 29. cxd5 Qd7 30. Qe4 $11) 29. Qb3 (29. Qxg6 $17 {is a better defense.} hxg6 30. Kf1) 29... Nxd5 $19 30. cxd5 Rxc1 $1 31. Rxc1 h5 $1 32. Qb1 Qxb1 33. Rxb1 {[%mdl 4096] Endgame [#] KRB-KRB} g4 $1 {[%mdl 512]} 34. hxg4 (34. fxg4 hxg4) 34... hxg4 35. Rb3 Bh6 36. Be1 Be3+ 37. Bf2 Bxf2+ ({Stronger than} 37... gxf3 38. Bxe3 dxe3 39. Rxe3 $11) 38. Kxf2 {KR-KR} e4 (38... Rc7 $1 $17 39. fxg4 Kg7) 39. Ke2 $2 {[%mdl 8192]} (39. a4 $15) 39... d3+ 40. Ke3 exf3 41. Rb2 Kg7 42. Rf2 Kf6 $1 {[%cal Rf6g5]} 43. gxf3 g3 $1 44. Rg2 Rg7 45. Kxd3 (45. a4 $142 Kf5 46. Rg1) 45... Kf5 46. Ke2 Kf4 47. Kf1 Rc7 (47... Rh7 $142 48. Kg1 Rc7) 48. Rb2 Kxf3 {[%cal Rc7c1]} 49. Rb1 Rc3 50. a4 Ra3 51. a5 {[#]} Kg4 $2 (51... a6 $1 $19 52. Kg1 Kg4) 52. Kg1 $2 {[%mdl 8192]} (52. Re1 $11) 52... Kh3 53. Kh1 Ra2 (53... Ra4 $142 54. Kg1 Ra2) 54. Kg1 {If only White now had time for Kh1....} a6 {[%cal Ba7a6,Ba6b5,Bb5b4][%mdl 32]} 55. Kh1 Rd2 (55... Rh2+ $142 56. Kg1 Rd2) 56. b5 axb5 57. Ra1 b4 58. a6 Rh2+ 59. Kg1 {[#] a7 is the strong threat.} g2 $1 60. Kf2 Rh1 {Accuracy: White = 47%, Black = 72%.} 0-1

[Event "EICC 2019"]
[Site "Skopia"]
[Date "2019.03.21"]
[Round "4.7"]
[White "Melkumyan, Hrant"]
[Black "Antipov, Mikhail Al."]
[Result "1/2-1/2"]
[WhiteElo "2661"]
[BlackElo "2594"]
[Annotator "TA"]
[PlyCount "49"]
[EventDate "2019.03.18"]
[EventType "swiss"]
[EventCountry "MKD"]
[SourceTitle "playchess.com"]
[Source "ChessBase"]
[SourceQuality "1"]

{[%evp 14,49,34,31,22,29,29,21,29,25,52,45,52,0,0,0,-7,-8,0,0,0,0,0,0,12,0,9,0,0,0,0,-37,0,-27,-18,-26,-25,-21]} 1. Nf3 d5 2. d4 Nf6 3. c4 c6 4. Nc3 a6 5. e3 Bf5 6. Qb3 Ra7 {D15: Slav Defence: 4 Nc3 a6 and gambit lines after 4 Nc3 dxc4} 7. Nh4 Bc8 8. a4 {[%cal Ba2a4,Ba4a5][%mdl 32] LiveBook: 3 Games} (8. Bd2 e6 9. c5 Nbd7 10. Nf3 e5 11. Nxe5 Nxe5 12. dxe5 Nd7 13. Na4 Bxc5 14. Nxc5 Nxc5 {0-1 (84) Radjabov,T (2757)-Fedoseev,V (2724) Wijk aan Zee 2019}) 8... e6 {White is slightly better.} 9. a5 c5 10. Nf3 Nc6 11. Qb6 Bd6 $146 ({Predecessor:} 11... Nb4) 12. Ne5 Qe7 13. Nxc6 (13. cxd5 $14 cxd4 14. Nxc6 (14. dxc6 Bc5 $11) 14... bxc6 15. Qxc6+ Bd7 16. Qb6) 13... bxc6 $11 14. Qxc6+ Bd7 15. Qb6 Ra8 16. dxc5 Bxc5 17. Qb3 $1 O-O 18. Be2 Rfb8 19. Qc2 dxc4 20. O-O Bb4 21. e4 Bc6 22. Bg5 h6 23. Bxf6 (23. Bf4 $5 {[%cal Rf4b8]}) 23... Qxf6 24. Bxc4 Qe5 25. Bd3 {Precision: White = 72%, Black = 69%.} 1/2-1/2

[Event "EICC 2019"]
[Site "Skopia"]
[Date "2019.03.21"]
[Round "4.8"]
[White "Gelfand, Boris"]
[Black "Petrov, Nikita"]
[Result "1-0"]
[WhiteElo "2655"]
[BlackElo "2591"]
[Annotator "TA"]
[PlyCount "71"]
[EventDate "2019.03.18"]
[EventType "swiss"]
[EventCountry "MKD"]
[SourceTitle "playchess.com"]
[Source "ChessBase"]
[SourceQuality "1"]

{[%evp 11,71,39,71,50,56,48,54,45,63,65,56,58,62,57,76,42,42,42,81,81,110,106,130,119,197,180,221,96,264,195,200,114,137,122,385,385,478,463,956,954,937,940,924,931,823,617,667,500,652,568,566,552,666,644,620,662,622,639,642,591,545,532]} 1. c4 c5 2. Nf3 Nc6 3. Nc3 g6 4. e3 Bg7 5. d4 d6 6. d5 Na5 7. Bd3 {A35: Symmetrical English: 2 Nc3 Nc6 3 Nf3} Nf6 8. h3 O-O 9. O-O {White is slightly better.} e5 10. e4 Ne8 11. Bg5 f6 12. Bh4 Bh6 $146 ({Predecessor:} 12... a6 13. a3 Qc7 14. Nd2 Bh6 15. Rb1 Bd7 16. b3 Rb8 17. a4 f5 18. exf5 gxf5 19. g4 e4 20. Be2 Bg7 21. Qc2 Bd4 22. Kg2 Ng7 23. Bg3 Rbe8 {0-1 (23) Rytshagov,M (2525)-Fedorov,A (2600) Aaland-Stockholm 1997}) 13. Kh1 Ng7 14. g4 Bf4 15. Bg3 g5 16. Bxf4 exf4 17. Rg1 b6 (17... Ne8 $16 18. h4 h6) 18. Qc2 $18 h6 19. Rg2 (19. h4 $1 $18) 19... Nb7 $2 (19... Qd7 $16) 20. h4 Kf7 {[#]} 21. Rag1 (21. e5 $1 $18 {[%mdl 512]} fxe5 (21... dxe5 22. Bh7) 22. Bh7 (22. hxg5 hxg5 23. Kg1 Rh8 $18)) 21... Rh8 $16 {[#]} 22. Rh2 $1 h5 $2 {[%mdl 8192] [#]} (22... Bd7 $16 23. e5 fxe5) 23. e5 $1 $18 {[%mdl 512]} dxe5 24. hxg5 {White is clearly winning.} Bxg4 (24... hxg4 $142 25. Bg6+ Ke7 26. gxf6+ Kxf6 27. Ne4+ Ke7) 25. Bg6+ Kg8 {[#]} 26. Rxg4 $1 {[%mdl 512]} hxg4 27. Bh7+ Kf8 28. gxf6 Qxf6 29. Ne4 Qe7 {[#]} 30. Nh4 $1 {[%cal Rh4g6]} Rxh7 31. Ng6+ {[%mdl 64] Double Attack, Discovered Attack} Kf7 32. Nxe7 {Intending Ng5+ and mate.} Rxh2+ 33. Kxh2 Kxe7 34. Qa4 Na5 35. d6+ Ke6 36. Qd1 {Accuracy: White = 76%, Black = 37%.} 1-0

[Event "EICC 2019"]
[Site "Skopia"]
[Date "2019.03.21"]
[Round "4.9"]
[White "Fressinet, Laurent"]
[Black "Ter-Sahakyan, Samvel"]
[Result "1/2-1/2"]
[WhiteElo "2652"]
[BlackElo "2590"]
[Annotator "TA"]
[PlyCount "47"]
[EventDate "2019.03.18"]
[EventType "swiss"]
[EventCountry "MKD"]
[SourceTitle "playchess.com"]
[Source "ChessBase"]
[SourceQuality "1"]

{[%evp 17,47,25,22,20,29,26,22,19,25,30,20,12,10,16,34,31,17,20,18,10,21,23,64,35,119,112,110,10,73,47,79,52]} 1. e4 c5 2. Nf3 d6 3. d4 cxd4 4. Nxd4 Nf6 5. Nc3 a6 6. Be3 e5 7. Nb3 Be6 8. f3 h5 9. Qd2 Nbd7 10. Nd5 {B90: Sicilian Najdorf: Unusual White 6th moves, 6 Be3 Ng4 and 6 Be3 e5} Bxd5 11. exd5 g6 12. Be2 {The position is equal.} Bg7 13. O-O b6 14. c4 O-O 15. Kh1 {[#]} Nc5 $146 ({Predecessor:} 15... Re8 16. Rae1 Rc8 {½-½ (29) Geist,H (2596)-Siikaluoma,A (2544) ICCF email 2014}) 16. Nxc5 bxc5 17. b4 cxb4 18. Qxb4 h4 19. Rab1 Nh5 20. Qd2 f5 ({Black should play} 20... Qd7 $14) 21. Rfe1 $36 {[%mdl 2048] White is in control.} Rf7 22. Bf1 (22. Bb6 $16 Qd7 23. c5) 22... Kh7 (22... Ng3+ $11 23. Kg1 (23. hxg3 hxg3 24. Bg5 Bf6 $11) 23... Nxf1 24. Rxf1 Rc8) 23. Kg1 Rc8 24. Rb4 {Accuracy: White = 42%, Black = 35%.} 1/2-1/2